Géopolitique - Niveau collégien (1/5) - Statistiques

Statistiques générales
  • Ce quiz a été pris 2 028 fois
  • Le résultat moyen est 17 sur 20
Statistiques - réponses
Hint Réponse % Correct
Quel pays est considéré comme la première puissance mondiale depuis 1945 ? Etats-Unis
100%
Quel pays a envahi l'Ukraine en 2022 ? Russie
100%
Quel pays est son concurrent géopolitique le plus puissant, et risque de le dépasser ? Chine
99%
Quelle est la capitale de ce pays ? Moscou
99%
Qui est le dirigeant de ce pays ? Vladimir Poutine
99%
Quel pays a accueilli le plus de ces réfugiés ? Allemagne
91%
Quel est le pays le plus peuplé du monde ? Inde
90%
Quel autre pays important se situe à cheval entre l'Europe et l'Asie ? Turquie
90%
A la frontière de quel pays d'Amérique latine a-t-il voulu construire un mur géant pour empêcher les migrants de traverser pour se rendre dans son pays ? Mexique
89%
Qui est son concurrent pour les élections présidentielles de novembre 2024 ? Donald Trump
88%
Quelle est la langue la plus parlée dans ce pays ? Espagnol
88%
En quelle année a-t-il quitté le pouvoir ? 2017
84%
Qui a été son successeur ? Emmanuel Macron
84%
Qui était, à cette époque, son homologue français ? François Hollande
84%
Quelle organisation de coopération militaire créée en 1949, regroupant des pays d'Europe et d'Amérique du Nord, a été déclarée "en état de mort cérébrale" par celui-ci en 2019 ? OTAN
84%
Quel pays, juste au sud de celui-ci, a connu une guerre civile longue et dévastatrice à partir de 2011 ? Syrie
82%
Qui était la dirigeante de ce pays, qui a notamment assumé l'accueil des réfugiés par la formule "Wir schaffen das !" ("Nous y arriverons !") Angela Merkel
80%
Qui est le président du pays le plus puissant de cette alliance ? Joe Biden
79%
Quel est son voisin occidental avec lequel les tensions sont très fortes, ayant donné lieu à des guerres au cours des décennies précédentes ? Pakistan
76%
Ses habitants ont migré par millions vers l'Europe. Quel espace géographique a été surnommé leur "cimetière" ? Mer Méditerranée
47%
Aucun quiz correspondant
Distribution des résultats
% des personnes avec chaque résultat
Percentile par nombre de réponses
Votre historique - résultats
Vous n’avez pas pris ce quiz